1944 1209 1449 1700 1555 1329 1347 1217 1556 1106 1939 1543 1410 1209 1021 1306 1357 1344 1990 1655 1020 1023 1863 1937 1040 1405 1347 1988 1256 1443 1117 1244 1265 1280 1631 1800 1921 1020 1064 1201 1000 1084 1555 1104 1269 1090 1298 1861 1923 1818 1076 1205 1441 1780 1183 1611 1588 1531 1767 1955 1184 1423 1379 1044 1424 1856 1480 1497 1287 1427 1257 1655 1733 1989 1822 1535 1989 1488 1241 1670 1395 1164 1586 1797 1938 1344 1261 1039 1184 1492 1972 1012 1986 1328 1032 1892 1523 1303 1718 BCNSPRNW ULIB Ver.6.0+V

เปลี่ยนเป็นภาษาไทย

Change to English
 แสดงรายละเอียดบรรณานุกรม
  กลับหน้าหลัก

Brief Record : Get Marc (ISO 2709) : E-mail record : QR code < ปิดหน้าต่าง
LEADER : 00000nam 2200000uu 4500
001    13399122695
003     ULIB
008    130902s2554||||th 000 0 tha d
020    ^a9786167233147
050  4 ^aQA76.75^bธ472P
100 0  ^aเอกเทพ ภักดีศิริมงคล
245 00 ^aPhotoshop CS5 ฉบับสมบูรณ์/^cเอกเทพ ภักดีศิริมงคล
250    ^aพิมพ์ครั้งที่ 1
260    ^aกรุงเทพฯ :^bสวัสดี ไอที,^c2554
300    ^a592 หน้า :^bภาพประกอบ
650  7 ^aPhotoshop
945    ^p289^l0^i20137
995    ^aทศพร
999    ^aทศพร เกษรทอง
รายการนี้ยังไม่มีแท็ก
คุณยังไม่ได้ล็อกอิน คุณสามารถมีกิจกรรมร่วมกับเว็บไซต์ได้ แต่ต้องล็อกอินก่อน ::
  ล็อกอิน

รายการสื่อสารสนเทศ

ลำดับที่ ประเภท เลขเรียก/บาร์โค้ด สถานที่ สถานะ
1. การศึกษาทั่วไป
การศึกษาทั่วไป
QA76.75 ธ472P ฉ.1 
  Barcode: 20137
ห้องสมุดวิทยาเขตนครสวรรค์
►หนังสือทั่วไป:l:General Books
บนชั้น

รายการใกล้เคียง
    ผู้แต่ง [เอกเทพ ภักดีศิริมงคล]

    หัวเรื่อง [Photoshop]

BibComment


ยังไม่เคยถูกคอมเมนท์

คอมเมนท์ทรัพยากรรายการนี้
  คอมเมนท์: Photoshop CS5 ฉบ..


 Copyright 2026. Bcnsprnw @Library